000 00274nam a2200109Ia 4500
008 190919s9999||||xx |||||||||||||| ||und||
100 _aTim Patrick
245 4 _aThe Visual Basic. NET Style guide
260 _aNew Jersey
_bThomson South
_c1987
300 _a384
942 _cBK
999 _c11250
_d11250